000 00870nas a2200301 4500
001 BR2016002025
003 BR-BrBNA
005 20231205130329.0
007 ta
008 230509b bl.|||p| |||| 00| 00por d
040 _aBR-BrBNA
_bpor
_cBiblioteca Nacional de Agricultura
041 _a(Pt)
072 _aL70
100 1 _aPascon, J.P.E.
100 1 _aSantos, F.P.
100 1 _aPereira, D.T.P.
100 1 _aMistieri, M.L.A.
100 1 _aMozzaquatro, F.
245 1 _aEstudo eletrocardiográfico de éguas da raça Crioula
650 _aÉGUA
650 _aCORAÇÃO
650 _aDIAGNÓSTICO
650 _aVETERINÁRIA
650 _aELETROCARDIOGRAMA
773 0 _tPesquisa Veterinária Brasileira (Brazil)
_xISSN 0100-736X
_g(Apr 2015), v. 35(4) p. 319-323
_wBR2016002025
909 _a202311
_bLúcia
_c55
_dLúcia Elande
942 _2AGRIS
_n0
_cANA
999 _c248885
_d248885